Loading...
Ai In Practice: Examples In Pop-ii
| Main Author: | |
|---|---|
| Format: | Printed Book |
| Published: |
John Wiley & Sons
1988
|
| Subjects: |
| LEADER | 00474nam a2200145 4500 | ||
|---|---|---|---|
| 020 | |a 9971-51-328-5 | ||
| 082 | |a 006.3 | ||
| 100 | |a Ramsay, Allan | ||
| 245 | |a Ai In Practice: Examples In Pop-ii |c Rosalind Barrett |h [Text] | ||
| 260 | |b John Wiley & Sons |c 1988 | ||
| 300 | |a Paper back | ||
| 650 | 0 | |a ARTIFICIAL INTELLIGENCE | |
| 942 | |c BK | ||
| 999 | |c 82785 |d 82785 | ||
| 952 | |0 0 |1 0 |4 0 |6 006_300000000000000 |7 0 |9 74972 |a SOCS |b SOCS |d 2015-06-11 |g 475.00 |l 0 |o 006.3 |p SOCS212 |r 2015-06-11 |w 2015-06-11 |y BK | ||